[Event "2LD 24/25,Rychnov n/Kn-Lipky HK B"]
[Site ""]
[Date "2025.03.16"]
[Round "10.2"]
[White "Cech, Pavel"]
[Black "Zeberski, Jakub"]
[WhiteElo "2315"]
[BlackElo "2327"]
[Result "1-0"]
[PlyCount "83"]

1. d4 d5 2. c4 e6 3. Nc3 Nf6 4. Bg5 Be7 5. Nf3 O-O 6. e3 h6 7. Bh4 Ne4 8. Bxe7
Qxe7 9. Rc1 c6 10. Bd3 Nxc3 11. Rxc3 Nd7 12. cxd5 exd5 13. O-O Nf6 14. Ne5 Ne4
15. Bxe4 dxe4 16. Qc2 Be6 17. Qxe4 Bxa2 18. Qd3 Be6 19. f4 Rad8 20. f5 Bc8 21.
e4 Qb4 22. Nf3 f6 23. Rb3 Qe7 24. Re1 Rfe8 25. Qc2 Qf7 26. Rbe3 Re7 27. Qc5
Rde8 28. g4 g6 29. Nh4 gxf5 30. gxf5 Qh5 31. Ng6 Rg7 32. Rg3 Kh7 33. Nf8+ Kg8
34. Ng6 Kh7 35. Qc3 Kg8 36. Kg2 Bd7 37. d5 cxd5 38. Qxf6 dxe4 39. Rxe4 Bc6 40.
Qxc6 bxc6 41. Rxe8+ Kf7 42. Rf8# 1-0

[Event "2LD 24/25,Rychnov n/Kn-Lipky HK B"]
[Site ""]
[Date "2025.03.16"]
[Round "10.3"]
[White "Kejna, Piotr"]
[Black "Winter, Ondrej"]
[WhiteElo "2285"]
[BlackElo "2319"]
[Result "1/2-1/2"]
[PlyCount "107"]

1. e4 c5 2. Nf3 d6 3. d4 cxd4 4. Nxd4 Nf6 5. Nc3 Nc6 6. Bc4 Qb6 7. Nxc6 bxc6 8.
O-O e6 9. Qe2 Be7 10. b3 O-O 11. Bb2 e5 12. Na4 Qc7 13. f4 exf4 14. Rae1 Bg4
15. Qd2 Nh5 16. e5 Rad8 17. e6 fxe6 18. Bxe6+ Bxe6 19. Rxe6 Bg5 20. Qd1 Nf6 21.
Rfe1 Rf7 22. Qf3 Qc8 23. Qh3 Nd5 24. Qh5 Bf6 25. Bxf6 Rxf6 26. Rxf6 Nxf6 27.
Qf3 Re8 28. Rd1 Nd5 29. c4 Re3 30. Qf1 Nf6 31. Qxf4 Qe6 32. h3 Re1+ 33. Rxe1
Qxe1+ 34. Kh2 Ne4 35. Qg4 h5 36. Qe6+ Kh7 37. Qf5+ Kh6 38. Qf4+ Kg6 39. h4 Qe2
40. Qf3 Qe1 41. Qf4 d5 42. cxd5 cxd5 43. Nb2 Qe2 44. Qe5 Qg4 45. Nd3 Qxh4+ 46.
Kg1 Nf6 47. Nf4+ Kh6 48. Nxd5 Ng4 49. Qf4+ Kg6 50. Qe4+ Kh6 51. Qf4+ Kh7 52.
Qe4+ Kh6 53. Qf4+ Kh7 54. Qe4+ 1/2-1/2

[Event "2LD 24/25,Rychnov n/Kn-Lipky HK B"]
[Site ""]
[Date "2025.03.16"]
[Round "10.4"]
[White "Juptner, Jan"]
[Black "Horak, Jan"]
[WhiteElo "2268"]
[BlackElo "2161"]
[Result "1-0"]
[PlyCount "59"]

1. d4 Nf6 2. c4 c5 3. d5 e6 4. Nc3 exd5 5. cxd5 d6 6. Nf3 g6 7. Nd2 a6 8. a4
Bg7 9. e4 O-O 10. Be2 Nbd7 11. O-O Rb8 12. a5 b5 13. axb6 Nxb6 14. Ra3 Ra8 15.
Re1 Re8 16. h3 Nfd7 17. Bf1 Qe7 18. Qb3 Bd4 19. Nf3 Bf6 20. Bf4 Rb8 21. Bxa6 c4
22. Bxc4 Nxc4 23. Qxc4 Rxb2 24. Nb5 Ne5 25. Nxe5 Bxe5 26. Bxe5 Qxe5 27. Qc6 Rd8
28. Qc7 Rf8 29. Nxd6 Qd4 30. Rf3 1-0

[Event "2LD 24/25,Rychnov n/Kn-Lipky HK B"]
[Site ""]
[Date "2025.03.16"]
[Round "10.5"]
[White "Zelbova, Lada"]
[Black "Nun, Jiri"]
[WhiteElo "1982"]
[BlackElo "2227"]
[Result "1/2-1/2"]
[PlyCount "20"]

1. d4 Nf6 2. Bf4 e6 3. e3 d5 4. Nf3 Bd6 5. Bg3 O-O 6. Nbd2 b6 7. c3 c5 8. Bd3
cxd4 9. exd4 Ba6 10. Bxa6 Nxa6 1/2-1/2

[Event "2LD 24/25,Rychnov n/Kn-Lipky HK B"]
[Site ""]
[Date "2025.03.16"]
[Round "10.6"]
[White "Novak, Radomir"]
[Black "Kroulik, Vaclav"]
[WhiteElo "2035"]
[BlackElo "2031"]
[Result "1-0"]
[PlyCount "101"]

1. d4 Nf6 2. c4 e6 3. Nc3 Bb4 4. Qb3 c5 5. e3 O-O 6. Bd2 d5 7. a3 Bxc3 8. Bxc3
cxd4 9. Bxd4 Nc6 10. Bc3 dxc4 11. Qxc4 e5 12. Nf3 Qe7 13. Be2 Bf5 14. O-O Ne4
15. Rac1 Rac8 16. Qb5 a6 17. Qb6 Rfd8 18. Rfd1 Rxd1+ 19. Bxd1 Nxc3 20. Rxc3 Rd8
21. Ba4 Be4 22. Ne1 f5 23. Qc5 Qe6 24. f3 Bd5 25. Nd3 b5 26. Bc2 g5 27. Qb6 Rb8
28. Qxa6 e4 29. Nc5 Qd6 30. Nb3 exf3 31. Nd4 f2+ 32. Kxf2 Qxh2 33. Nxc6 Qxg2+
34. Ke1 Qg1+ 35. Kd2 Bxc6 36. Qxc6 Rd8+ 37. Bd3 Qf2+ 38. Kd1 Qxe3 39. Kc2 Qf2+
40. Kb3 Qe1 41. Bxb5 Qe5 42. Rc5 Qe3+ 43. Ka2 Rf8 44. Bc4+ Kg7 45. Qd7+ Kg6 46.
Rc6+ Kh5 47. Qxh7+ Kg4 48. Qh2 Re8 49. Bf7 Kf3 50. Qh5+ Kf4 51. Bxe8 1-0

[Event "2LD 24/25,Rychnov n/Kn-Lipky HK B"]
[Site ""]
[Date "2025.03.16"]
[Round "10.7"]
[White "Machlowski, Slawomir"]
[Black "Jezbera, Jiri"]
[WhiteElo "1990"]
[BlackElo "2061"]
[Result "0-1"]
[PlyCount "102"]

1. g3 g6 2. Bg2 Bg7 3. Nf3 Nf6 4. d4 d6 5. O-O O-O 6. c4 c6 7. Nc3 Nbd7 8. h3
e5 9. Be3 Re8 10. Rc1 Nh5 11. Qb3 exd4 12. Bxd4 Ne5 13. Nxe5 dxe5 14. Bc5 f5
15. Rcd1 Qc7 16. Qc2 Qf7 17. b3 Be6 18. Qc1 h6 19. a4 b6 20. Be3 f4 21. Bd2 Qc7
22. Ne4 Rad8 23. Bb4 Bf8 24. Bxf8 Rxf8 25. Rxd8 Rxd8 26. g4 Ng7 27. Rd1 Rd4 28.
e3 Rxd1+ 29. Qxd1 Ne8 30. exf4 exf4 31. Qd3 Qd7 32. Qc3 Qg7 33. Qd2 Qc7 34. Bf3
g5 35. Qd4 Qe7 36. Qe5 c5 37. Kg2 Kh7 38. Be2 Kg8 39. Bd3 Qf7 40. Qb8 f3+ 41.
Kg1 Qe7 42. Qe5 Qd7 43. Ng3 Ng7 44. Qe3 h5 45. gxh5 Bxh3 46. Qxf3 Ne6 47. Ne4
Nd4 48. Qg3 Kh8 49. Nxg5 Bf5 50. Qe5+ Qg7 51. Bxf5 Nf3+ 0-1

[Event "2LD 24/25,Rychnov n/Kn-Lipky HK B"]
[Site ""]
[Date "2025.03.16"]
[Round "10.8"]
[White "Tichy, Miroslav"]
[Black "Dvorak, Milan"]
[WhiteElo "1982"]
[BlackElo "1880"]
[Result "1/2-1/2"]
[PlyCount "48"]

1. e4 e5 2. Nc3 Bc5 3. Bc4 d6 4. d3 Nc6 5. Na4 Bb6 6. Nxb6 axb6 7. c3 h6 8. f4
Qh4+ 9. g3 Qe7 10. Nf3 Bh3 11. Qe2 Nf6 12. f5 Bg4 13. h3 Bxf3 14. Qxf3 Qd7 15.
a3 Na5 16. Ba2 Qa4 17. Qd1 Qc6 18. Qc2 d5 19. exd5 Nxd5 20. O-O Qd6 21. Qe2
O-O-O 22. Bd2 e4 23. Kg2 exd3 24. Qf3 b5 1/2-1/2

[Event "2LD 24/25,Univerzita Brno-Polabiny C"]
[Site ""]
[Date "2025.03.16"]
[Round "10.1"]
[White "Gajdos, Daniel"]
[Black "Jedlicka, Ales"]
[WhiteElo "2133"]
[BlackElo "2114"]
[Result "1-0"]

1.Nf3 Nf6 2.g3 d5 3.Bg2 c6 4.O-O Bg4 5.d3 Nbd7 6.h3 Bh5 7.Qe1 e5 8.e4 dxe4 9.
dxe4 Be7 10.Nh4 Bg6 11.Nd2 O-O 12.a4 Ne8 13.Nxg6 hxg6 14.Nc4 Nd6 15.Nxd6 Bxd6
16.a5 Qe7 17.Qe2 Rfd8 18.a6 b5 19.h4 Bc5 20.h5 gxh5 21.Qxh5 Nf6 22.Qf3 Nh7 23.
Qg4 Rd6 24.Bf3 Rg6 25.Qh3 Ng5 26.Bxg5 Qxg5 27.Kg2 Re8 28.Rad1 Bb6 29.Rd7 Rh6
30.Qg4 Qf6 31.Rfd1 g6 32.R1d6 Qh8 33.Kf1 Qh7 34.Rxc6 Rh2 35.Rxb6 axb6 36.a7 Qh6
37.Kg1 Kg7 38.Rxf7+ Kxf7 39.Qd7+ Kf8 40.Qxe8+ Kxe8 41.a8=Q+ Ke7 42.Qb7+ Kf8
43.Qc8+ Ke7 44.Qc7+ Kf8 45.Qd6+ Kf7 46.Qxe5 Rh3 47.Qd5+ Ke7 48.e5 Qc1+ 49. Bd1
Rh6 50.Qd6+ Ke8 51.e6 Rh7 52.Qb8+ Ke7 53.Qc7+ Kxe6 54.Qxh7 Qxd1+ 55.Kg2 Qxc2
56.Qg8+ Kf6 57.Qd8+ Kg7 58.Qd7+ Kh6 59.Qxb5 Qe4+ 60.Kh2 Qd4 61.Qe2 g5 62. b3
Qd5 63.Qe3 b5 64.f4 gxf4 65.gxf4 Kg6 66.Kg3 Kf6 67.Qc3+ Kf5 68.Qf3 Qd6 69. Qg4+
Ke4 70.Qe2+ Kf5 71.Qxb5+ Ke4 72.Qc4+ Ke3 73.Qc3+ Ke4 74.Qc2+ Ke3 75.Qf5 Kd4
76.Kg4 Qb8 77.Qe6 Qh8 78.Qc4+ Ke3 79.Qc5+ Ke4 80.Qf5+ Kd4 81.Qg6 Qh2 82. Qd6+
Kc3 83.Qb6 Qg2+ 84.Kf5 Qh3+ 85.Ke4 Qg2+ 86.Ke5 Qg7+ 87.Qf6 Qc7+ 88.Kd5+ Kxb3
89.f5 Qc4+ 90.Kd6 Qb4+ 91.Ke6 Qb6+ 92.Kf7 Qc7+ 93.Qe7 Qh2 94.f6 Qh5+ 95. Kg8
Qg6+ 96.Kf8 Qh6+ 97.Qg7 Qh3 98.Qb7+ Ka4 99.Qa6+ Kb4 100.f7 Qh8+ 101.Ke7 Qe5+
102.Kd7 Qf5+ 103.Qe6 Qb5+ 104.Ke7 Qb7+ 105.Qd7 Qe4+ 106.Kd8 Qa8+ 107.Qc8 Qd5+
108.Ke7 Qe5+ 109.Qe6 Qc7+ 110.Kf6 Qf4+ 111.Kg7 Qg5+ 112.Qg6 1-0

[Event "2LD 24/25,Univerzita Brno-Polabiny C"]
[Site ""]
[Date "2025.03.16"]
[Round "10.2"]
[White "Stocek, Martin"]
[Black "Zdrazil, Jan"]
[WhiteElo "2111"]
[BlackElo "2042"]
[Result "1-0"]

1.d4 Nf6 2.c4 g6 3.Nc3 Bg7 4.e4 d6 5.Be2 O-O 6.Be3 c5 7.d5 e6 8.dxe6 fxe6 9.e5
Ne8 10.Nf3 Qa5 11.O-O dxe5 12.Ne4 b6 13.Nfg5 Nc6 14.Bf3 Nd4 15.Nf6+ Nxf6
16.Bxa8 h6 17.Ne4 Nh5 18.Nd6 Bd7 19.Be4 Rf6 20.Bd2 Qa6 21.a4 b5 22.Nxb5 Nf4
23.Bxf4 Rxf4 24.Bxg6 e4 25.Ra3 e5 26.Rg3 Kh8 27.b3 Qb6 28.Nc3 e3 29.fxe3 Rxf1+
30.Kxf1 Qf6+ 31.Kg1 Bf5 32.exd4 Bxg6 33.dxe5 Qxe5 34.Rxg6 Qe3+ 35.Kh1 Qxc3
36.Rg3 Qf6 37.Rf3 Qg5 38.h3 Bd4 39.Qd3 h5 40.Qf5 Qc1+ 41.Rf1 1-0

[Event "2LD 24/25,Univerzita Brno-Polabiny C"]
[Site ""]
[Date "2025.03.16"]
[Round "10.3"]
[White "Kisa, Lubomir"]
[Black "Lihotsky, Lukas"]
[WhiteElo "2134"]
[BlackElo "2077"]
[Result "0-1"]

1.Nf3 d5 2.d4 Nf6 3.g3 Bf5 4.Bg2 e6 5.O-O h6 6.c4 c6 7.b3 Be7 8.Bb2 O-O 9.Nbd2
Ne4 10.Ne1 Nxd2 11.Qxd2 Bh7 12.Nd3 Nd7 13.Rfe1 Bf6 14.e4 dxc4 15.Nf4 cxb3 16.
axb3 Bg5 17.h4 Be7 18.d5 e5 19.dxc6 bxc6 20.Red1 Nc5 21.Qc3 Qb6 22.Nh5 Qc7 23.
Ra5 Nd7 24.Nf4 Qb7 25.Nd3 Rfd8 26.Rda1 f6 27.Ra6 Nb8 28.R6a5 Nd7 29.R5a4 Kh8
30.Nb4 Nc5 31.Ra5 Nxe4 32.Qxc6 Qxb4 33.Rb5 Qd2 34.Bxe4 Bxe4 35.Qxe4 Qxb2 36.
Rf1 Qd4 37.Qg6 Qd3 0-1

[Event "2LD 24/25,Univerzita Brno-Polabiny C"]
[Site ""]
[Date "2025.03.16"]
[Round "10.4"]
[White "Varejcko, Josef"]
[Black "Jelinek, Ota"]
[WhiteElo "2077"]
[BlackElo "2120"]
[Result "1/2-1/2"]

1.d4 f5 2.g4 fxg4 3.Bf4 d5 4.h3 Nf6 5.Nc3 g6 6.hxg4 Bxg4 7.f3 Bf5 8.Qd2 Nc6 9.
Bg2 Nh5 10.e4 Nxf4 11.Qxf4 Be6 12.O-O-O Bg7 13.Bh3 Bxh3 14.Nxh3 e5 15.dxe5 Bxe5
16.Qg4 Bxc3 17.bxc3 Qf6 18.Rxd5 O-O 19.Ng5 Ne5 20.Qe6+ Qxe6 21.Nxe6 Rf6 22.Rxe5
Re8 23.Rxh7 Kxh7 24.Ng5+ Kh6 25.Rxe8 Kxg5 26.Re7 Rxf3 27.Rxc7 Kf4 28. Rxb7 g5
29.Rxa7 g4 30.Kd2 g3 31.Rg7 Kxe4 32.Ke2 Rf2+ 33.Ke1 Rxc2 34.Rxg3 Rxa2 35.Kd1
Kd5 36.Rg4 Kc5 37.Rd4 Rh2 1/2-1/2

[Event "2LD 24/25,Univerzita Brno-Polabiny C"]
[Site ""]
[Date "2025.03.16"]
[Round "10.5"]
[White "Bakos, Eduard"]
[Black "Kulhanek, Jachym"]
[WhiteElo "2057"]
[BlackElo "1982"]
[Result "1-0"]

1.e4 c5 2.Nf3 d6 3.c3 Qa5 4.Be2 Nf6 5.d3 g6 6.Nbd2 Bg7 7.O-O O-O 8.Nc4 Qc7 9.
a4 d5 10.Ncd2 Nc6 11.Re1 Rd8 12.Qc2 b6 13.Nf1 Bb7 14.Ng3 a6 15.Bf1 b5 16.e5 Ng4
17.d4 cxd4 18.cxd4 Qb6 19.h3 Nh6 20.Be3 Kh8 21.Qd2 Ng8 22.a5 Qa7 23.Ng5 Rf8
24.h4 h6 25.Nf3 f6 26.h5 g5 27.Nf5 Bc8 28.Nxg7 Kxg7 29.Qc2 Nb4 30.Qc3 1-0

[Event "2LD 24/25,Univerzita Brno-Polabiny C"]
[Site ""]
[Date "2025.03.16"]
[Round "10.6"]
[White "Stary, Vojtech"]
[Black "Moulis, Mojmir"]
[WhiteElo "1952"]
[BlackElo "2036"]
[Result "0-1"]

1.e4 d6 2.d4 Nf6 3.Nc3 Nbd7 4.f4 e5 5.Nf3 exd4 6.Qxd4 Nc5 7.Bc4 Ne6 8.Qd3 Be7
9.Be3 c6 10.a4 Qa5 11.O-O O-O 12.h3 Nh5 13.Qd2 Qc7 14.Rf2 Rd8 15.g4 Nf6 16.
Bxe6 fxe6 17.g5 Nh5 18.Rg2 g6 19.Nh2 d5 20.Ne2 dxe4 21.Qc3 Bf8 22.Ng4 Bg7 23.
Bd4 Nxf4 24.Nh6+ Bxh6 25.Nxf4 Bg7 26.Bf6 Rf8 27.Rf1 e5 28.Nd5 Qd6 29.Ne7+ Kh8
30.Rgf2 Be6 31.Bxe5 Bxe5 32.Rxf8+ Rxf8 33.Rxf8+ Kg7 34.Rd8 Qc7 35.Qd2 Qxe7 36.
Ra8 Bd5 37.c3 Qc5+ 38.Kf1 e3 39.Qc2 Bc4+ 40.Kg2 Qd5+ 41.Kg1 Qf3 0-1

[Event "2LD 24/25,Univerzita Brno-Polabiny C"]
[Site ""]
[Date "2025.03.16"]
[Round "10.7"]
[White "Vitovec, Jiri"]
[Black "Juchelka, Marek"]
[WhiteElo "1959"]
[BlackElo "1906"]
[Result "0-1"]

1.e4 c5 2.Nf3 d6 3.d4 cxd4 4.Nxd4 g6 5.Nc3 Bg7 6.Be3 Nf6 7.Be2 O-O 8.Qd2 Nc6
9.O-O-O a6 10.h4 h5 11.Nxc6 bxc6 12.e5 Ne8 13.exd6 Qxd6 14.Qxd6 Nxd6 15.Bd4
Bh6+ 16.Kb1 Nb5 17.Nxb5 axb5 18.Bf3 Ra6 19.Bc5 Be6 20.a3 Rb8 21.Bxe7 b4 22.Rd3
Bc4 23.Rd4 bxa3 24.Bxa3 Rxa3 25.Rxc4 Bg7 26.c3 Bxc3 27.Kc2 Rxb2+ 28.Kd3 Be5+
29.Ke4 Rb5 30.g4 f5+ 31.gxf5 gxf5+ 32.Kxf5 Rxf3+ 33.Kg6 Rf6+ 34.Kxh5 Bg3+ 35.
Kg4 Bxf2 36.Rhc1 c5 37.Kg5 Kg7 38.Rd1 Be3+ 39.Kh5 Rh6+ 40.Kg4 Rb4 41.Rd7+ Kf8
42.Rxb4 cxb4 43.Rb7 Rb6 0-1

[Event "2LD 24/25,Univerzita Brno-Polabiny C"]
[Site ""]
[Date "2025.03.16"]
[Round "10.8"]
[White "Stary, Lukas"]
[Black "Hladik, Josef"]
[WhiteElo "1955"]
[BlackElo "1989"]
[Result "1/2-1/2"]

1.Nf3 d5 2.e3 Nf6 3.b3 g6 4.Bb2 Bg7 5.c4 dxc4 6.Bxc4 O-O 7.O-O c5 8.d4 cxd4 9.
Nxd4 a6 10.Nc3 b5 11.Be2 Bb7 12.Bf3 Qb6 13.Bxb7 Qxb7 14.Qf3 Qxf3 15.gxf3 e5
16.Nde2 Nc6 17.Rfd1 Rfd8 18.Rxd8+ Rxd8 19.Rd1 1/2-1/2

[Event "2LD 24/25,Jihlava A-Lipa"]
[Site ""]
[Date "2025.03.16"]
[Round "10.1"]
[White "Rybackova, Lucie"]
[Black "Gloser, David"]
[WhiteElo "2121"]
[BlackElo "2363"]
[Result "0-1"]
[PlyCount "100"]

1. d4 d5 2. Nf3 Nf6 3. g3 c5 4. Bg2 cxd4 5. O-O h6 6. Bf4 e6 7. Nxd4 Nbd7 8.
Nf3 Bc5 9. c4 O-O 10. Nc3 Nb6 11. cxd5 Nbxd5 12. Be5 b6 13. Qb3 Bb7 14. Rfd1
Qe7 15. e3 Nxc3 16. Bxc3 Bd5 17. Qa4 Ne4 18. Bd4 Qb7 19. Ne1 Rfd8 20. Bxc5 Nxc5
21. Bxd5 Rxd5 22. Qc4 Rad8 23. Rxd5 Qxd5 24. Qxd5 Rxd5 25. Nf3 Nd3 26. b3 Rc5
27. Nd4 e5 28. Rd1 Nxf2 29. Kxf2 exd4 30. exd4 Rc2+ 31. Kg1 Rxa2 32. d5 Kf8 33.
d6 Ke8 34. Re1+ Kd7 35. Re7+ Kxd6 36. Rxf7 a5 37. Rxg7 Rb2 38. Rg6+ Kc5 39.
Rxh6 Rxb3 40. g4 a4 41. Rh8 Rb5 42. Rc8+ Kd4 43. Rc1 a3 44. Ra1 Ra5 45. h4 b5
46. g5 b4 47. g6 Ra6 48. h5 Ra5 49. Kf2 Rxh5 50. g7 Rf5+ 0-1

[Event "2LD 24/25,Jihlava A-Lipa"]
[Site ""]
[Date "2025.03.16"]
[Round "10.2"]
[White "Jirasek, Pavel"]
[Black "Sedlacek, Oldrich"]
[WhiteElo "2282"]
[BlackElo "2124"]
[Result "1-0"]
[PlyCount "67"]

1. c4 c6 2. g3 d5 3. Nf3 Nf6 4. Bg2 Bg4 5. Ne5 Be6 6. cxd5 Bxd5 7. Nf3 c5 8.
Nc3 Bc6 9. O-O e6 10. Re1 Be7 11. e4 O-O 12. d4 cxd4 13. Nxd4 Bc5 14. Be3 Qe7
15. Qb3 Ng4 16. Nce2 Nxe3 17. Qxe3 b6 18. a3 Bb7 19. e5 Rc8 20. Rad1 Bxg2 21.
Kxg2 Qb7+ 22. Qf3 Qxf3+ 23. Nxf3 Nc6 24. Rd7 Rd8 25. Red1 a5 26. Nc3 Rxd7 27.
Rxd7 Rd8 28. Rc7 Ne7 29. Ne4 Nd5 30. Rb7 Be7 31. Nd4 Nf4+ 32. gxf4 Rxd4 33. Kf3
Bd8 34. Nd6 1-0

[Event "2LD 24/25,Jihlava A-Lipa"]
[Site ""]
[Date "2025.03.16"]
[Round "10.3"]
[White "Pavlis, Matej"]
[Black "Rokos, Filip"]
[WhiteElo "2053"]
[BlackElo "2169"]
[Result "1/2-1/2"]
[PlyCount "44"]

1. d4 e6 2. c4 Nf6 3. Nf3 d5 4. g3 Be7 5. Bg2 O-O 6. O-O dxc4 7. Qc2 a6 8. a4
Bd7 9. Qxc4 Bc6 10. Bg5 h6 11. Bxf6 Bxf6 12. e3 a5 13. Nc3 Nd7 14. Rfd1 Nb6 15.
Qb3 Qe7 16. Ne1 Bxg2 17. Kxg2 Rfd8 18. Nd3 e5 19. dxe5 Bxe5 20. Nxe5 Qxe5 21.
Rxd8+ Rxd8 22. Rd1 Rxd1 1/2-1/2

[Event "2LD 24/25,Jihlava A-Lipa"]
[Site ""]
[Date "2025.03.16"]
[Round "10.4"]
[White "Tazlar, Petr"]
[Black "Zednicek, Filip"]
[WhiteElo "2244"]
[BlackElo "1988"]
[Result "1/2-1/2"]
[PlyCount "74"]

1. d4 d5 2. c4 e6 3. Nc3 Nf6 4. cxd5 exd5 5. Bg5 Be7 6. Qc2 c6 7. e3 h6 8. Bh4
Qa5 9. Bxf6 Bxf6 10. Rc1 Be6 11. Bd3 Nd7 12. Nge2 O-O 13. O-O c5 14. dxc5 Nxc5
15. a3 Nxd3 16. Qxd3 Rfd8 17. Nd4 Rac8 18. Nce2 Qb6 19. b3 Be7 20. b4 Bd6 21.
Qb5 Qxb5 22. Nxb5 Bb8 23. Rfd1 a6 24. Nbd4 Bg4 25. f3 Be6 26. h3 Rxc1 27. Rxc1
Rc8 28. Rxc8+ Bxc8 29. f4 Ba7 30. Kf2 Kf8 31. g4 Ke7 32. Nb3 Kd6 33. Kf3 Bd7
34. Ned4 Bb6 35. Ke2 g6 36. Kf3 Ba4 37. Ke2 Bd7 1/2-1/2

[Event "2LD 24/25,Jihlava A-Lipa"]
[Site ""]
[Date "2025.03.16"]
[Round "10.5"]
[White "Rybacek, Martin"]
[Black "Kracik, Tomas"]
[WhiteElo "1923"]
[BlackElo "2154"]
[Result "0-1"]
[PlyCount "94"]

1. Nf3 Nf6 2. g3 g6 3. Bg2 Bg7 4. O-O O-O 5. d4 d5 6. c4 c6 7. cxd5 Nxd5 8. e4
Nc7 9. Nc3 Nd7 10. Qb3 b6 11. Rd1 Bb7 12. Be3 Qe8 13. Bh3 Bc8 14. Bf4 Na6 15.
e5 Ndc5 16. dxc5 Nxc5 17. Qc4 Bxh3 18. Ng5 Bf5 19. Rd2 Ne6 20. Nxe6 Bxe6 21.
Qe2 Rd8 22. Rad1 Rxd2 23. Qxd2 Qb8 24. Qd4 h6 25. h4 Qc8 26. Qd2 Kh7 27. Qd4
Bg4 28. Rd3 Bf5 29. Rd2 Qe6 30. Kh2 Rh8 31. Kg1 Re8 32. Rd1 Bg4 33. Rd3 Bf5 34.
Rd2 Rc8 35. f3 c5 36. Qe3 g5 37. hxg5 hxg5 38. Bxg5 Bxe5 39. Rh2+ Kg8 40. Kg2
f6 41. Bf4 Bd4 42. Qd2 Kf7 43. a3 Rd8 44. Nb5 Qc4 45. g4 Qxb5 46. gxf5 Rg8+ 47.
Bg3 Qxb2 0-1

[Event "2LD 24/25,Jihlava A-Lipa"]
[Site ""]
[Date "2025.03.16"]
[Round "10.6"]
[White "Safarik, Jakub"]
[Black "Kucera, David"]
[WhiteElo "2175"]
[BlackElo "1921"]
[Result "1/2-1/2"]
[PlyCount "70"]

1. d4 d5 2. Nf3 Nf6 3. c4 c6 4. g3 h6 5. Bg2 Bf5 6. Nc3 e6 7. O-O Nbd7 8. Qb3
Qb6 9. c5 Qxb3 10. axb3 a6 11. b4 Rc8 12. Bf4 g5 13. Be5 Be7 14. h3 Rg8 15. g4
Bh7 16. Bd6 Bxd6 17. cxd6 Ne4 18. Nxe4 Bxe4 19. Nd2 Bxg2 20. Kxg2 e5 21. Nb3
Rg6 22. dxe5 Nxe5 23. Nc5 Rb8 24. f4 gxf4 25. Rxf4 Rxd6 26. Raf1 b6 27. Nb3 Nc4
28. Kg3 Rb7 29. Rf6 Re7 30. Nd4 Re3+ 31. Kh4 c5 32. bxc5 bxc5 33. Rxd6 Nxd6 34.
Nf5 Nxf5+ 35. Rxf5 Rxe2 1/2-1/2

[Event "2LD 24/25,Jihlava A-Lipa"]
[Site ""]
[Date "2025.03.16"]
[Round "10.7"]
[White "Mirzoyan, Aram"]
[Black "Szucs, Matyas"]
[WhiteElo "1773"]
[BlackElo "2138"]
[Result "0-1"]
[PlyCount "72"]

1. e4 e6 2. d4 d5 3. exd5 exd5 4. Bd3 Bd6 5. Ne2 Qf6 6. c4 dxc4 7. Bxc4 Nc6 8.
Nbc3 Bf5 9. Bb5 a6 10. Bxc6+ bxc6 11. Qa4 Ne7 12. O-O O-O 13. Ng3 Rfb8 14. a3
Rb6 15. Re1 Nd5 16. Nxd5 cxd5 17. Nxf5 Qxf5 18. b4 h5 19. Re8+ Rxe8 20. Qxe8+
Kh7 21. Qe2 Rc6 22. Be3 Rc4 23. Rc1 Rxc1+ 24. Bxc1 Qg4 25. Qxg4 hxg4 26. g3 Kg6
27. Kg2 f5 28. f3 c6 29. fxg4 fxg4 30. Bf4 Bxf4 31. gxf4 Kf5 32. Kg3 Ke4 33.
Kxg4 Kxd4 34. Kf3 Kd3 35. f5 d4 36. h4 Kc2 0-1

[Event "2LD 24/25,Jihlava A-Lipa"]
[Site ""]
[Date "2025.03.16"]
[Round "10.8"]
[White "Sedivy, Martin"]
[Black "Kocman, Patrik"]
[WhiteElo "2136"]
[BlackElo "1838"]
[Result "1-0"]
[PlyCount "61"]

1. e4 e5 2. Nc3 Nf6 3. Bc4 Nc6 4. d3 d6 5. Nge2 Be6 6. O-O Nd4 7. Nxd4 exd4 8.
Bxe6 fxe6 9. Ne2 e5 10. c3 dxc3 11. bxc3 Be7 12. Qb3 b6 13. Ng3 Qd7 14. a4 a5
15. Be3 O-O-O 16. Rab1 Qc6 17. Nf5 Bf8 18. c4 g6 19. Bg5 gxf5 20. Bxf6 Bh6 21.
Bxh8 Rxh8 22. Qb5 Qxb5 23. cxb5 f4 24. f3 Rg8 25. Kf2 Kd7 26. g3 Rg7 27. gxf4
Bxf4 28. Rg1 Rf7 29. h3 h6 30. Rg6 Bg5 31. Rd1 1-0

[Event "2LD 24/25,Lanskroun-Policka"]
[Site ""]
[Date "2025.03.16"]
[Round "10.1"]
[White "Vyprachticky, David"]
[Black "Cerveny, Petr"]
[WhiteElo "2289"]
[BlackElo "2270"]
[Result "1-0"]
[PlyCount "59"]

1. Nf3 d5 2. e3 Nf6 3. c4 e6 4. Nc3 Be7 5. b3 O-O 6. Bb2 b6 7. cxd5 exd5 8. d4
c5 9. Be2 Bb7 10. O-O Nbd7 11. dxc5 bxc5 12. Nh4 g6 13. Nf3 Rc8 14. Rc1 Bd6 15.
Rc2 Qe7 16. Qa1 d4 17. Nb5 dxe3 18. Nxd6 Qxd6 19. Ne5 Nd5 20. fxe3 Nxe5 21.
Bxe5 Qe6 22. Bc4 f6 23. Bxf6 Qxe3+ 24. Kh1 Rce8 25. Rcf2 Rf7 26. Bh8 Rfe7 27.
Re2 Qh6 28. Rxe7 Rxe7 29. Qf6 Rd7 30. Qe6+ 1-0

[Event "2LD 24/25,Lanskroun-Policka"]
[Site ""]
[Date "2025.03.16"]
[Round "10.2"]
[White "Cesenek, Jan"]
[Black "Kupsa, Matej"]
[WhiteElo "2086"]
[BlackElo "2100"]
[Result "1-0"]
[PlyCount "73"]

1. c4 e6 2. g3 Nf6 3. Bg2 d5 4. Nf3 Be7 5. O-O O-O 6. b3 b6 7. Bb2 Bb7 8. d3 c5
9. Nbd2 Nc6 10. a3 a5 11. Qc2 Qc7 12. cxd5 Nxd5 13. e4 Nf6 14. d4 cxd4 15. Nxd4
Rac8 16. Rac1 Qb8 17. Nxc6 Rxc6 18. Qb1 Rxc1 19. Rxc1 Rc8 20. Nc4 Ba6 21. e5
Nd7 22. Rd1 Nc5 23. Nd6 Rd8 24. b4 Na4 25. b5 Nxb2 26. Qxb2 Bc8 27. Qd4 Qc7 28.
Bc6 Bf8 29. h3 Be7 30. Kh2 Bf8 31. Qf4 f5 32. g4 h6 33. gxf5 exf5 34. Ne8 Qe7
35. Rxd8 Qxd8 36. Qc4+ Kh7 37. Qf7 1-0

[Event "2LD 24/25,Lanskroun-Policka"]
[Site ""]
[Date "2025.03.16"]
[Round "10.4"]
[White "Kastner, Oldrich"]
[Black "Kratky, Josef"]
[WhiteElo "2044"]
[BlackElo "2086"]
[Result "1/2-1/2"]
[PlyCount "53"]

1. d4 Nf6 2. Nf3 e6 3. Bf4 c5 4. e3 Nc6 5. c3 d5 6. Nbd2 Bd6 7. Bg3 Bxg3 8.
hxg3 Qd6 9. Bd3 Bd7 10. dxc5 Qxc5 11. e4 dxe4 12. Nxe4 Nxe4 13. Bxe4 Qb5 14.
Qe2 Qxe2+ 15. Kxe2 h6 16. Rhd1 Ke7 17. Rd2 Rhd8 18. Rad1 Be8 19. Nd4 Nxd4+ 20.
Rxd4 Rxd4 21. Rxd4 Rb8 22. Ke3 f5 23. Bc2 Bc6 24. f3 e5 25. Rh4 Kf6 26. Rh5 Bd7
27. Rh1 1/2-1/2

[Event "2LD 24/25,Lanskroun-Policka"]
[Site ""]
[Date "2025.03.16"]
[Round "10.5"]
[White "Pokorny, Tomas"]
[Black "Lorenc, Oldrich"]
[WhiteElo "2204"]
[BlackElo "2017"]
[Result "1/2-1/2"]
[PlyCount "48"]

1. d4 Nf6 2. c4 g6 3. Nc3 d5 4. cxd5 Nxd5 5. e4 Nxc3 6. bxc3 Bg7 7. Be3 O-O 8.
Qd2 c5 9. Nf3 Qa5 10. Rc1 Nc6 11. d5 Ne5 12. Nxe5 Bxe5 13. c4 Qxd2+ 14. Kxd2 b6
15. Bd3 f5 16. g3 f4 17. gxf4 Bxf4 18. Bxf4 Rxf4 19. Ke3 Rh4 20. f3 Bd7 21. Rc2
Rf8 22. Rg1 Kg7 23. Rg3 h6 24. Rb2 g5 1/2-1/2

[Event "2LD 24/25,Lanskroun-Policka"]
[Site ""]
[Date "2025.03.16"]
[Round "10.6"]
[White "Komarkova, Magdalena"]
[Black "Beil, Zdenek"]
[WhiteElo "1925"]
[BlackElo "2165"]
[Result "0-1"]
[PlyCount "84"]

1. e4 c6 2. d4 d5 3. exd5 cxd5 4. c4 Nf6 5. Nc3 e6 6. Nf3 Be7 7. a3 dxc4 8.
Bxc4 O-O 9. O-O Nbd7 10. Bg5 Nb6 11. Ba2 Bd7 12. Ne5 Rc8 13. Qd3 Bc6 14. Rac1
Nfd7 15. Nxc6 Rxc6 16. Bxe7 Qxe7 17. d5 exd5 18. Nxd5 Nxd5 19. Qxd5 Nf6 20. Qf3
Rxc1 21. Rxc1 b6 22. h3 h6 23. g3 Rd8 24. Qf4 g5 25. Qf5 Kg7 26. Rc2 Rd1+ 27.
Kg2 Qb7+ 28. f3 Qe7 29. Bc4 Qe1 30. f4 gxf4 31. gxf4 Rd2+ 32. Rxd2 Qxd2+ 33.
Kg3 Qxb2 34. Qd3 Qc1 35. Kf3 Qh1+ 36. Kf2 Qh2+ 37. Ke1 Qxf4 38. Qb3 Ne4 39.
Qb2+ Kg6 40. Bf1 Qg3+ 41. Kd1 Qf3+ 42. Ke1 Qc3+ 0-1

[Event "2LD 24/25,Lanskroun-Policka"]
[Site ""]
[Date "2025.03.16"]
[Round "10.7"]
[White "Solil, Roman"]
[Black "Sodomka, Adam"]
[WhiteElo "1981"]
[BlackElo "1933"]
[Result "1-0"]
[PlyCount "53"]

1. e4 Nf6 2. e5 Nd5 3. d4 d6 4. c4 Nb6 5. exd6 cxd6 6. Be3 g6 7. Nc3 Bg7 8. Nf3
Nc6 9. h3 O-O 10. Be2 e5 11. d5 Ne7 12. O-O Nf5 13. Bg5 f6 14. Bd2 Nd7 15. b4
a5 16. Ne4 Qe7 17. bxa5 Nc5 18. Nxc5 dxc5 19. Re1 Nd4 20. Nxd4 exd4 21. Bg4 Qf7
22. Be6 Bxe6 23. dxe6 Qe7 24. Qf3 Ra6 25. Rab1 Rxe6 26. Qd5 Re8 27. Rb6 1-0

[Event "2LD 24/25,Lanskroun-Policka"]
[Site ""]
[Date "2025.03.16"]
[Round "10.8"]
[White "Nespor, Jakub"]
[Black "Prochazka, Petr"]
[WhiteElo "1961"]
[BlackElo "1950"]
[Result "1/2-1/2"]
[PlyCount "36"]

1. c4 Nf6 2. Nc3 g6 3. d4 d6 4. g3 Bg7 5. Bg2 c6 6. Nf3 Nbd7 7. O-O O-O 8. e3
e5 9. Qc2 Re8 10. dxe5 dxe5 11. b3 Nc5 12. e4 Bg4 13. Be3 Bxf3 14. Bxc5 Bxg2
15. Kxg2 Bf8 16. Bxf8 Kxf8 17. Rad1 Qe7 18. Rd2 Rad8 1/2-1/2